[Event "ITA-ch sf"]
[Site "Porto San Giorgio"]
[Date "2015.07.17"]
[Round "8"]
[White "Barp, Alberto"]
[Black "Coronel, Joshua"]
[Result "0-1"]
[WhiteElo "2222"]
[BlackElo "2017"]
[PlyCount "75"]
[EventDate "2015.07.11"]
[EventType "swiss"]
[EventRounds "8"]
[EventCountry "ITA"]
[SourceTitle "EXT 2024"]
[Source "ChessBase"]
[SourceDate "2023.10.10"]
[SourceVersion "1"]
[SourceVersionDate "2023.10.10"]
[SourceQuality "1"]

1. d4 Nf6 2. c4 g6 3. Nc3 Bg7 4. e4 d6 5. Nge2 0-0 6. Ng3 a6 7. Be2 c5 8. d5 b5 9. cxb5 axb5 10. Nxb5 h5 11. Qc2 Ba6 12. a4 Nbd7 13. 0-0 Qb6 14. Ra3 Ne8 15. Bg5 f6 16. Bd2 h4 17. Nh1 Nc7 18. Rb3 Bxb5 19. axb5 f5 20. exf5 gxf5 21. Qc4 Bd4 22. Bg5 Rf7 23. Bxh4 f4 24. Qc2 Ne5 25. Rh3 Rg7 26. Qe4 Rf8 27. Rd1 Bxb2 28. Kf1 Rff7 29. Rb1 Bd4 30. Bh5 Rf8 31. g3 f3 32. g4 Nxb5 33. Kg1 Nc3 34. Rxb6 Nxe4 35. Rb1 Nxg4 36. Bxg4 Rxg4+ 37. Bg3 c4 38. Kf1 0-1

[Event "Abruzzo Region-ch"]
[Site "Cappelle sul Tavo"]
[Date "2013.05.11"]
[Round "1"]
[White "Di Gregorio, Romeo"]
[Black "Coronel, Joshua"]
[Result "1/2-1/2"]
[WhiteElo "1467"]
[BlackElo "1948"]
[PlyCount "55"]
[EventDate "2013.05.11"]
[EventType "swiss"]
[EventRounds "7"]
[EventCountry "ITA"]
[SourceTitle "EXT 2015"]
[Source "ChessBase"]
[SourceDate "2014.11.20"]
[SourceVersion "1"]
[SourceVersionDate "2014.11.20"]
[SourceQuality "1"]

1. c4 Nf6 2. Nc3 g6 3. Nf3 Bg7 4. g3 c6 5. Bg2 0-0 6. 0-0 d6 7. d4 Nbd7 8. e4 e5 9. h3 exd4 10. Nxd4 Nc5 11. b4 Ne6 12. Be3 Re8 13. Rc1 Nxd4 14. Bxd4 Be6 15. Qd3 Qd7 16. Kh2 Nh5 17. Rfd1 f5 18. Bxg7 Nxg7 19. e5 Qf7 20. Qxd6 Bxc4 21. a3 Bb3 22. Rd2 Rad8 23. Qxd8 Rxd8 24. Rxd8+ Ne8 25. f4 Qe7 26. Rd2 g5 27. Ne2 Nc7 28. Nd4 1/2-1/2

[Event "Gabicce Mare op 1st"]
[Site "Gabicce Mare"]
[Date "2013.01.03"]
[Round "2"]
[White "Lantini, Marco"]
[Black "Coronel, Joshua"]
[Result "1/2-1/2"]
[WhiteElo "2186"]
[BlackElo "1943"]
[PlyCount "44"]
[EventDate "2013.01.02"]
[EventType "swiss"]
[EventRounds "9"]
[EventCountry "ITA"]
[SourceTitle "EXT 2015"]
[Source "ChessBase"]
[SourceDate "2014.11.20"]
[SourceVersion "1"]
[SourceVersionDate "2014.11.20"]
[SourceQuality "1"]

1. d4 Nf6 2. c4 g6 3. Nc3 Bg7 4. e4 d6 5. Nf3 0-0 6. h3 e5 7. d5 a5 8. Bg5 Qe8 9. g4 Na6 10. Nd2 Nc5 11. b3 h6 12. Be3 Nfd7 13. a3 f5 14. f3 fxe4 15. fxe4 Bf6 16. h4 Qe7 17. Nf3 Bg7 18. Be2 Nf6 19. Nd2 Bd7 20. g5 hxg5 21. hxg5 Nh7 22. Rg1 Rf7 1/2-1/2

[Event "Porto San Giorgio Weekend 15th"]
[Site "Porto San Giorgio"]
[Date "2012.11.24"]
[Round "4"]
[White "Coronel, Joshua"]
[Black "Trasciatti, Mirko"]
[Result "1-0"]
[WhiteElo "1905"]
[BlackElo "1978"]
[PlyCount "75"]
[EventDate "2012.11.17"]
[EventType "swiss"]
[EventRounds "6"]
[EventCountry "ITA"]
[SourceTitle "EXT 2014"]
[Source "ChessBase"]
[SourceDate "2013.11.20"]
[SourceVersion "1"]
[SourceVersionDate "2013.11.20"]
[SourceQuality "1"]

1. e4 e6 2. d4 d5 3. Nc3 Bb4 4. e5 c5 5. a3 Bxc3+ 6. bxc3 Qa5 7. Bd2 Qa4 8. Qg4 g6 9. Kd1 Nc6 10. Nf3 Bd7 11. h4 h5 12. Qf4 Nge7 13. Qf6 0-0-0 14. Ng5 cxd4 15. Nxf7 Rhf8 16. Rh3 Kb8 17. Nxd8 Rxf6 18. exf6 Nxd8 19. fxe7 Nc6 20. Bg5 Kc7 21. Rf3 Kd6 22. Bd3 Nxe7 23. Rf7 Nf5 24. Bxf5 gxf5 25. Rb1 b5 26. Be7+ Kc6 27. Rb4 Qa5 28. cxd4 Qc7 29. Rb3 Qf4 30. Rc3+ Kb7 31. Bf6 b4 32. Rxd7+ Ka6 33. Rc6+ Kb5 34. Rc5+ Ka6 35. axb4 Qxf2 36. Ra5+ Kb6 37. Bd8+ Kc6 38. Rc7+ 1-0

[Event "ITA-ch B"]
[Site "Civitanova Marche"]
[Date "2012.07.21"]
[Round "7"]
[White "Coronel, Joshua"]
[Black "Andrenelli, Adriano"]
[Result "1-0"]
[WhiteElo "1799"]
[BlackElo "1934"]
[PlyCount "107"]
[EventDate "2012.07.15"]
[EventType "swiss"]
[EventRounds "8"]
[EventCountry "ITA"]
[SourceTitle "EXT 2023"]
[Source "ChessBase"]
[SourceDate "2022.10.05"]
[SourceVersion "1"]
[SourceVersionDate "2022.10.05"]
[SourceQuality "1"]

1. e4 d5 2. exd5 Qxd5 3. Nc3 Qd6 4. Bc4 c6 5. d4 Nf6 6. Bg5 Nbd7 7. Qd2 Nb6 8. Bb3 Be6 9. Nf3 Bxb3 10. axb3 e6 11. 0-0 Be7 12. Rfe1 0-0 13. Bf4 Qd8 14. Ne4 Nbd5 15. Bg3 Nxe4 16. Rxe4 Nf6 17. Rh4 Nd7 18. Rh3 Re8 19. b4 Nf8 20. Bh4 f6 21. Bg3 Qb6 22. c3 a5 23. bxa5 Rxa5 24. Rxa5 Qxa5 25. Bf4 Qa1+ 26. Ne1 Rd8 27. Qe2 Ra8 28. Rg3 Qb1 29. Bh6 Ng6 30. Qxe6+ Kf8 31. Bxg7+ Kxg7 32. Qxe7+ Kg8 33. b4 Ra1 34. Qe6+ Kg7 35. Kf1 Qc1 36. Re3 Qd2 37. Qd7+ Kg8 38. Qc8+ Kg7 39. Qxb7+ Kh6 40. Qxc6 Rxe1+ 41. Rxe1 Qd3+ 42. Kg1 Qd2 43. Qe8 Kg7 44. Qe3 Qc2 45. d5 Ne5 46. d6 Qf5 47. Qe4 Qc8 48. f4 Nf7 49. Qd4 Qd7 50. Re7 Qa4 51. d7 Qa1+ 52. Kf2 Qa2+ 53. Kg3 Qb1 54. h3 1-0

[Event "ITA-ch B"]
[Site "Civitanova Marche"]
[Date "2012.07.20"]
[Round "6"]
[White "Mastroddi, Emiliano"]
[Black "Coronel, Joshua"]
[Result "1-0"]
[WhiteElo "2089"]
[BlackElo "1799"]
[PlyCount "63"]
[EventDate "2012.07.15"]
[EventType "swiss"]
[EventRounds "8"]
[EventCountry "ITA"]
[SourceTitle "EXT 2023"]
[Source "ChessBase"]
[SourceDate "2022.10.05"]
[SourceVersion "1"]
[SourceVersionDate "2022.10.05"]
[SourceQuality "1"]

1. c4 Nf6 2. g3 g6 3. Bg2 Bg7 4. Nc3 0-0 5. d3 c6 6. e4 e5 7. Nge2 d6 8. 0-0 Bd7 9. h3 b5 10. a3 a5 11. Bg5 Na6 12. cxb5 cxb5 13. Nd5 h6 14. Nxf6+ Bxf6 15. Bxh6 Re8 16. Be3 Nc5 17. b4 axb4 18. axb4 Na6 19. Qd2 Kh7 20. Ra5 Rh8 21. Rfa1 Qc8 22. g4 Kg7 23. Nc3 Bd8 24. R5a3 Rh7 25. Nd5 Be6 26. Qa2 Ba5 27. Rxa5 Bxg4 28. Rxa6 Bxh3 29. Rxa8 Bxg2 30. Rxc8 Bf3 31. Rg8+ Kxg8 32. Nf6+ 1-0

[Event "ITA-ch B"]
[Site "Civitanova Marche"]
[Date "2012.07.18"]
[Round "4"]
[White "Monducci, Mirko"]
[Black "Coronel, Joshua"]
[Result "0-1"]
[WhiteElo "1918"]
[BlackElo "1799"]
[PlyCount "70"]
[EventDate "2012.07.15"]
[EventType "swiss"]
[EventRounds "8"]
[EventCountry "ITA"]
[SourceTitle "EXT 2023"]
[Source "ChessBase"]
[SourceDate "2022.10.05"]
[SourceVersion "1"]
[SourceVersionDate "2022.10.05"]
[SourceQuality "1"]

1. Nf3 Nf6 2. d4 g6 3. Nc3 Bg7 4. Bg5 d6 5. e4 Nbd7 6. h3 0-0 7. Qe2 e5 8. dxe5 dxe5 9. Nh2 Nc5 10. Qe3 Qd4 11. Bd3 Qxe3+ 12. fxe3 c6 13. 0-0-0 b5 14. Rhf1 Nfd7 15. Ng4 f6 16. Bh4 h5 17. Nh2 Bh6 18. Bf2 b4 19. Ne2 Nxd3+ 20. cxd3 Nc5 21. Kb1 Ba6 22. Nc1 Rad8 23. Kc2 f5 24. Nf3 fxe4 25. Nxe5 Rd5 26. Nxc6 exd3+ 27. Kb1 d2 28. Nb3 Bxf1 29. Ne7+ Kh7 30. Nxd5 Rxf2 31. Nxc5 Bxg2 32. Nxb4 Bf3 33. Ncd3 Rh2 34. Rf1 d1Q+ 35. Rxd1 Bxd1 0-1